Tres ideas seductoras : la abstracción, el determinismo en la infancia y el principio del placer /

Збережено в:
Бібліографічні деталі
Автор: Kagan, Jerome (autor)
Інші автори: Galmarini, Marco Aurelio (traducción) (traducción)
Формат: Книга
Мова:Іспанська
Опубліковано: Barcelona, España : Paidós, 2000, c2000
Серія:(Paidós Contextos ; 51)
Предмети:
Теги: Додати тег
Немає тегів, Будьте першим, хто поставить тег для цього запису!

MARC

LEADER 00000nam^a2200000^a^4500
001 000112001
005 20250804153653.0
009 20260310093851.736
020 |a 84-493-0831-3 
037 |a Acervo ITESO - Biblioteca 
041 |a ESP 
082 |a 153. 4  |b KAG 
100 |a Kagan, Jerome  |e (autor) 
240 1 1 |a [Tres ideas seductoras] 
245 1 0 |a Tres ideas seductoras :  |b la abstracción, el determinismo en la infancia y el principio del placer /  |c J. Kagan ; tr. por M.A. Galmarini. 
264 4 |a Barcelona, España :  |b Paidós,  |c 2000, c2000 
300 |a 231 p. 
336 |a texto  |b txt  |2 rdacontenido 
337 |a sin mediación  |b n  |2 rdamedio 
338 |a volumen  |b nc  |2 rdasoporte 
440 1 |a (Paidós Contextos ;  |v 51) 
500 |a Traducción de: Three Seductive Ideas 
649 |a XX 
650 |a Abstracción 
650 |a Inteligencia 
650 |a Desarrollo Cognoscitivo -  |x Tema Principal 
650 |a Principio de Placer 
650 |a Virtudes 
650 |a Filosofía 
650 |a Psicología Cognitiva 
650 |a Psicología Evolutiva 
700 |a Galmarini, Marco Aurelio  |e (traducción) 
910 |a Fondo General 
920 |a Impresos - Libros 
930 |a Colección General 
905 |a 101 
901 |a 0500048733  |b IT1  |c ACC  |u 20250521 
902 |a https://opac.biblio.iteso.mx/vufind/Record/000112001